01386nam a2200265 a 450000100100000000500170001000800410002704000250006808200200009310000340011324500570014726000500020430000200025450000630027459000280033765000290036565000310039491000370042595201330046295201330059595201330072895201180086195201240097999900170110300002747220240412074253.0110401s1996 dr 000 j spa d aDO-SdBNPbspacBNPHU aRD863.44bA185f1 aAcosta Espinosa, David95454710aFiligranas :bdiez cuentos /cDavid Acosta Espinosa. aSanto Domingo :bEducativa Dominicana,c1996. a52 P. ;c19 cm. aIncluye datos biográficos del autor en la contracubierta aInventariado, 2019 / DG 0aCuentos dominicanos9176 0aLiteratura dominicana.967 aValidado. Control de calidad MFF 001054708DSaGRbGRcHDd2011-04-01iLF1l0oRD863.44 A185fp27472-30r2020-06-25te. 3w2020-06-25yLFDSZPréstamo en sala 001054708DSaGRbGRcHDd2011-04-01iLF1l0oRD863.44 A185fp27472-40r2020-06-25te. 4w2020-06-25yLFDSZPréstamo en sala 001054708DSaGRbGRcHDd2011-04-01iLF1l0oRD863.44 A185fp27472-50r2020-06-25te. 5w2020-06-25yLFDSZPréstamo en sala 0010718PDaPDbPDcHDd2011-04-01iLF1l0oRD863.44 A185fp27472-10r2020-06-25w2020-06-25yLFPDZNo se presta 0010718PDaPDbPDcHDd2011-04-01iLF1l0oRD863.44 A185fp27472-20r2020-06-25te. 2w2020-06-25yLFPDZNo se presta c26964d26964